Southville International School and Colleges
Your cart is empty.
  • Cart
  • Lists
    Public lists Eva Luna New books Lux_list list_1
    Your lists Log in to create your own lists
  • Log in to your account
  • Your cookies
  • Search history
Southville International School and Colleges
  • Advanced search
  • Recent comments
  • Most popular
  • Libraries

Log in to your account

Log in with GOOGLE


If you do not have an external account, but do have a local account, you can still log in:

  1. Home
  2. MARC view: Skills in language, 2.
Normal view MARC view ISBD view

Skills in language, 2. (Record no. 102414)

[ view plain ]
MARC details
000 -LEADER
fixed length control field 00461nam a2200169 a 4500
005 - DATE AND TIME OF LATEST TRANSACTION
control field 20140412111235.0
008 - FIXED-LENGTH DATA ELEMENTS--GENERAL INFORMATION
fixed length control field 010329s19uu xx 00 eng d
020 ## - INTERNATIONAL STANDARD BOOK NUMBER
International Standard Book Number 0-8428-9338-5
050 ## - LIBRARY OF CONGRESS CALL NUMBER
Classification number TR(GS 425
Item number S54 1979
245 ## - TITLE STATEMENT
Title Skills in language, 2.
250 ## - EDITION STATEMENT
Edition statement Revised Ed.
260 ## - PUBLICATION, DISTRIBUTION, ETC. (IMPRINT)
Place of publication, distribution, etc New York :
Name of publisher, distributor, etc Cambridge The Adult Education Company,
Date of publication, distribution, etc 1979.
300 ## - PHYSICAL DESCRIPTION
Extent 200 p.
440 ## - SERIES STATEMENT/ADDED ENTRY--TITLE
Title Cambridge Skill Power Series
650 ## - SUBJECT ADDED ENTRY--TOPICAL TERM
Topical term or geographic name as entry element Language
Holdings
Withdrawn status Lost status Damaged status Home library Current library Shelving location Date acquired Source of acquisition Total Checkouts Full call number Barcode Date last seen Price effective from Koha item type
      Elizalde Library Elizalde Library Teachers Reference Section 03/29/2001     TR(GS 425 S54 1979 E1652 04/12/2014 04/12/2014 Books

Skills in language, 2.

APA

(1979). Skills in language, 2. New York: Cambridge The Adult Education Company.

Chicago

1979. Skills in language, 2. New York: Cambridge The Adult Education Company.

Harvard

(1979). Skills in language, 2. New York: Cambridge The Adult Education Company.

MLA

Skills in language, 2. New York: Cambridge The Adult Education Company. 1979.

  • Place hold
  • Print
  • Cite
  • Add to your cart (remove)
  • Save record
    BIBTEX Dublin Core MARCXML MARC (non-Unicode/MARC-8) MARC (Unicode/UTF-8) MARC (Unicode/UTF-8, Standard) MODS (XML) RIS
  • More searches
    Search for this title in:
    Other Libraries (WorldCat) Other Databases (Google Scholar) Online Stores (Bookfinder.com) Open Library (openlibrary.org)

Exporting to Dublin Core...

SOUTHVILLE LIBRARY

Southville International School and Colleges Library

1281 Tropical Ave. Cor. Luxembourg St., BF Homes International, Las Pinas City

Tel. No. 8256374 / 252358 Loc. 117/146

Powered by Koha